000 00284 a2200145 4500
001 165869
020 _a
040 _cMagnum
100 _aViney, Peter
240 1 0 _aLife lines
_lING
245 1 0 _aLife lines
362 0 _a1899
697 _aLITERATURA ESTRANGEIRA
942 _cBK
999 _c165869
_d165869